| 000 | 00528nam a2200205 a 4500 | ||
|---|---|---|---|
| 001 | 3599 | ||
| 005 | 20140414132016.0 | ||
| 008 | 040603s19uu xx 00 eng d | ||
| 020 | _a0-02-778024-4 | ||
| 050 |
_aTR _bEV2 1993 |
||
| 100 | _aRylant, Cynthia | ||
| 245 |
_aEveryday house / _cCynthia Rylant. |
||
| 260 |
_aNew York : _bBradbury Press, _c1993. |
||
| 300 | _a1 v. : ill. ; cm. | ||
| 440 | _aThe Everyday Books | ||
| 500 | _aTR/PS | ||
| 650 |
_aHouses _xFiction. |
||
| 650 | _aChildren stories. | ||
| 999 |
_c113370 _d113370 |
||